Statistiques concernant Quelle péripétie pour quelle desperate ? S1 -

Cliquez ici pour prendre le quiz!

Statistiques générales

  • Ce quiz a été pris 1 041 fois
  • Le résultat moyen est 36 sur 40

Statistiques - réponses

PéripétieDesperate% Correct
Voit un conseiller conjugal avec son mariBree
98%
Va chercher son fils dans un club de stripteaseBree
96%
Vole une cassette audio chez un psy et dont l'écoute permet de connaître le vrai prénom de Mary-AliceBree
95%
Sort avec un pharmacien pour rendre jaloux son mariBree
95%
Travaille comme présentatrice pour une voiture dans un centre commercialGabrielle
95%
S'est retrouvée enfermée à l'extérieur totalement nueSusan
94%
Trouve un préservatif dans sa corbeille à lingeBree
93%
Voit sa relation adultérine divulguée au tribunalGabrielle
93%
Met le feu à la maison d'une voisineSusan
93%
Rate un plat de macaroni au fromageSusan
93%
Organise un défilé de mode caritatifGabrielle
92%
Se fait surprendre avec son amant par sa belle-mèreGabrielle
92%
Fait croire que son fils est gravement malade pour intégrer un cours de YogaLynette
92%
Couche avec son jeune jardinierGabrielle
91%
Fait foirer la promotion de son mariLynette
91%
Tond la pelouse en pleine nuitGabrielle
90%
Débauche une nounou dans un parcLynette
90%
Se retrouve coincée dans le plancher de l'étageSusan
90%
Fait du rodéo et se casse la figureSusan
90%
Apprend que son fils est gayBree
89%
Est obligée par son mari de signer un contrat post-nuptialGabrielle
89%
Découvre qu'elle est enceinteGabrielle
89%
Se lie d'amitié avec une parent d'élève sourdeLynette
89%
Sauve Mme McCluskey d'un malaiseLynette
89%
Deviens accroc aux médicaments contre l'hyperactivitéLynette
89%
Débarque en dessous et manteau de fourrure pour séduire son mariBree
88%
Finit dans l'eau d'une piscine, poussée par son propre épouxBree
88%
Est recouverte des cendres de Martha HuberSusan
88%
Aide à monter une pièce de théâtre pour les enfantsLynette
87%
Est prise en otage par un adoSusan
87%
Abandonne ses enfants au bord d'une route pour qu'ils deviennent calmes en voitureLynette
86%
Chante New-York New-York dans un restaurant karaokéSusan
86%
Surprend son beau-père en flagrand délit d'adultèreLynette
85%
Accueille chez elle sa mère qui vient de rompre avec son petit amiSusan
85%
A un mari qui aime être dominé sexuellementBree
84%
Cache tout ses meubles dans le garage de sa copineGabrielle
84%
A servi à son mari des oignons auxquels il est mortellement allergiqueBree
83%
À un mari qui travaille avec son ex depuis 3 moisLynette
82%
À embaucher un détective privé pour connaître le passé de son petit amiSusan
79%
À cause de problèmes financiers, doit faire pipi dans des toilettes de chantiersGabrielle
78%

Distribution des résultats

Percentile par nombre de réponses

% des personnes avec chaque résultat

Votre développement - résultats

Vous n’avez pas pris ce quiz